000 00473cam a2200205ua 4500
001 10669
005 20260515114640.0
008 190325n ii |||gr||||Z||||||asm
020 _a9788176654548
040 _cMAIN
041 _aasm
082 _a891.4511
100 _aHiren Bhattacharya,
_eAuthor.
245 _aSugandhi pakhila
250 _a9th ed.
260 _aGuwahati:
_bStudents stores,
_c2016.
300 _a159p.
653 _aAssamese poetry
942 _cBK
999 _c9630
_d9630